Tìm hiểu thành phần hóa học của lá Mai tứ quý (Ochna serrulata) (Luận văn Tốt nghiệp Cao học. Chuyên ngành Hóa hữu cơ)

Tìm hiểu các thành phần chính có trong cây mai tứ quý. Cô lập và xác định được cấu trúc của 5 hợp chất có trong lá mai tứ quý

محفوظ في:
التفاصيل البيبلوغرافية
المؤلف الرئيسي: Huỳnh, Kim Loan
التنسيق: كتاب
اللغة:Undetermined
منشور في: Cần Thơ Trường Đại học Cần Thơ 2014
الموضوعات:
الوسوم: إضافة وسم
لا توجد وسوم, كن أول من يضع وسما على هذه التسجيلة!
Thư viện lưu trữ: Trung tâm Học liệu Trường Đại học Cần Thơ
LEADER 01000nam a2200217Ia 4500
001 CTU_195526
008 210402s9999 xx 000 0 und d
082 |a 547.3 
082 |b L406 
088 |a 60440114 
100 |a Huỳnh, Kim Loan 
245 0 |a Tìm hiểu thành phần hóa học của lá Mai tứ quý (Ochna serrulata) 
245 0 |b (Luận văn Tốt nghiệp Cao học. Chuyên ngành Hóa hữu cơ) 
245 0 |c Huỳnh Kim Loan ; Nguyễn Thị Thu Thủy (Người hướng dẫn khoa học) 
260 |a Cần Thơ 
260 |b Trường Đại học Cần Thơ 
260 |c 2014 
520 |a Tìm hiểu các thành phần chính có trong cây mai tứ quý. Cô lập và xác định được cấu trúc của 5 hợp chất có trong lá mai tứ quý 
650 |a Hóa hữu cơ,Chemistry, organic 
904 |i Nguyên 
980 |a Trung tâm Học liệu Trường Đại học Cần Thơ